[Event "BEL-ch U20"]
[Site "Blankenberge"]
[Date "2014.04.14"]
[Round "2"]
[White "Van Parys, Nikita"]
[Black "Cuvelier, Annelies"]
[Result "1/2-1/2"]
[WhiteElo "1748"]
[BlackElo "1610"]
[PlyCount "73"]
[EventDate "2014.04.??"]
[EventType "swiss"]
[EventRounds "9"]
[EventCountry "BEL"]
[SourceTitle "EXT 2015"]
[Source "ChessBase"]
[SourceDate "2014.11.20"]
[SourceVersion "1"]
[SourceVersionDate "2014.11.20"]
[SourceQuality "1"]

1. e4 e5 2. Nf3 Nc6 3. Bc4 Bc5 4. Nc3 d6 5. d3 Bg4 6. h3 Bh5 7. Be3 Bb6 8. Nd5 Na5 9. Bb3 c6 10. Nxb6 axb6 11. c3 Nxb3 12. axb3 Rxa1 13. Qxa1 b5 14. Qa7 Qc8 15. g4 Bg6 16. Ke2 Ne7 17. Ra1 0-0 18. Qb6 Qd7 19. Ra7 Rb8 20. Qa5 h6 21. Bb6 Nc8 22. Bc7 Nxa7 23. Bxb8 Nc8 24. Qc7 Qxc7 25. Bxc7 f6 26. Ke3 Bf7 27. b4 g5 28. d4 h5 29. Nh2 h4 30. Nf1 Be6 31. Nd2 Kf7 32. b3 Ke7 33. c4 Kd7 34. Bb8 bxc4 35. bxc4 b6 36. d5 Bf7 37. Kd3 1/2-1/2

[Event "BEL-ch op"]
[Site "Antwerp"]
[Date "2013.07.06"]
[Round "1"]
[White "Schaeken, Yordi"]
[Black "Van Parys, Nikita"]
[Result "1/2-1/2"]
[WhiteElo "2141"]
[BlackElo "1756"]
[PlyCount "55"]
[EventDate "2013.07.06"]
[EventType "swiss"]
[EventRounds "9"]
[EventCountry "BEL"]
[SourceTitle "CBM 155 Extra"]
[Source "ChessBase"]
[SourceDate "2013.08.26"]
[SourceVersion "1"]
[SourceVersionDate "2013.08.26"]
[SourceQuality "1"]

1. d4 d5 2. Nf3 Nf6 3. e3 e6 4. Bd3 Nbd7 5. b3 Bd6 6. Bb2 b6 7. Ne5 Bb7 8. Nd2 0-0 9. 0-0 Ne4 10. f3 Nxd2 11. Qxd2 Nxe5 12. dxe5 Bc5 13. Bd4 Be7 14. f4 c5 15. Bc3 Rc8 16. f5 Bg5 17. Qf2 c4 18. bxc4 dxc4 19. Be2 exf5 20. Qxf5 Bxe3+ 21. Kh1 Qg5 22. Qh3 Be4 23. Bg4 Rc6 24. Rae1 Rg6 25. Rxe3 Qxg4 26. Qxg4 Rxg4 27. Rf2 Bg6 28. h3 1/2-1/2

[Event "BEL-ch op"]
[Site "Lommel"]
[Date "2012.07.02"]
[Round "3"]
[White "Van Parys, Nikita"]
[Black "Gorts, Sven"]
[Result "1/2-1/2"]
[WhiteElo "1773"]
[BlackElo "1934"]
[PlyCount "69"]
[EventDate "2012.06.30"]
[EventType "swiss"]
[EventRounds "9"]
[EventCountry "BEL"]
[SourceTitle "EXT 2013"]
[Source "ChessBase"]
[SourceDate "2012.11.22"]
[SourceVersion "1"]
[SourceVersionDate "2012.11.22"]
[SourceQuality "1"]

1. e4 d5 2. exd5 Nf6 3. Nc3 Nxd5 4. Nxd5 Qxd5 5. Qf3 Qe5+ 6. Qe3 Nc6 7. Nf3 Qxe3+ 8. fxe3 e5 9. Bb5 f6 10. d4 Bd7 11. Bd2 e4 12. Ng1 0-0-0 13. 0-0-0 a6 14. Ba4 Kb8 15. Bb3 Bd6 16. Ne2 Rhe8 17. Be1 Bg4 18. Rd2 Na5 19. h3 Nxb3+ 20. axb3 Bxe2 21. Rxe2 f5 22. Rf1 Rf8 23. Bh4 Rd7 24. Ref2 Rdf7 25. g4 f4 26. exf4 Rxf4 27. Rxf4 Rxf4 28. Rxf4 Bxf4+ 29. Kd1 c6 30. Be1 Kc7 31. Bd2 e3 32. Bb4 Kd7 33. Ke2 Ke6 34. Kf3 g5 35. c4 1/2-1/2

[Event "Enschede op-B U16"]
[Site "Enschede"]
[Date "2009.08.07"]
[Round "7"]
[White "Van Parys, Nikita"]
[Black "Van Veelen, Thomas"]
[Result "1/2-1/2"]
[WhiteElo "1490"]
[BlackElo "1751"]
[PlyCount "91"]
[EventDate "2009.08.03"]
[EventType "swiss"]
[EventRounds "9"]
[EventCountry "NED"]
[SourceTitle "CBM 132 Extra"]
[Source "ChessBase"]
[SourceDate "2009.11.03"]
[SourceVersion "1"]
[SourceVersionDate "2009.11.03"]
[SourceQuality "1"]

1. e4 e6 2. Nf3 d5 3. e5 c5 4. Nc3 Nc6 5. Bb5 Bd7 6. 0-0 d4 7. Bxc6 Bxc6 8. Nb1 Ne7 9. d3 Ng6 10. Re1 Qc7 11. Nbd2 Be7 12. b3 0-0 13. Bb2 Rad8 14. a4 Rd5 15. Qe2 Kh8 16. Nc4 f6 17. exf6 Rxf6 18. Nce5 Nxe5 19. Nxe5 Bd6 20. Nxc6 Qxc6 21. g3 Re5 22. Qg4 Rg6 23. Qh4 Rf5 24. Qe4 Qd7 25. c3 Rgf6 26. f4 e5 27. fxe5 Rxe5 28. Qg2 Rfe6 29. Rxe5 Bxe5 30. c4 Bf6 31. Rf1 Qe7 32. Ba3 Re2 33. Qd5 h6 34. Bxc5 Qe3+ 35. Kh1 Qxd3 36. Qxb7 Rb2 37. Qf3 Qxb3 38. Qxb3 Rxb3 39. Bxa7 d3 40. Rd1 Ra3 41. Bf2 Rxa4 42. Rxd3 Rxc4 43. Rd1 Rc2 44. Be3 Kh7 45. Rd2 Rc1+ 46. Kg2 1/2-1/2

[Event "BEL-ch U16"]
[Site "Houffalize"]
[Date "2009.04.16"]
[Round "5"]
[White "De Vleeschauwer, Ruben"]
[Black "Van Parys, Nikita"]
[Result "1-0"]
[WhiteElo "1705"]
[BlackElo "1262"]
[PlyCount "61"]
[EventDate "2009.04.13"]
[EventType "swiss"]
[EventRounds "9"]
[EventCountry "BEL"]
[SourceTitle "EXT 2012"]
[Source "ChessBase"]
[SourceDate "2011.11.24"]
[SourceVersion "1"]
[SourceVersionDate "2011.11.24"]
[SourceQuality "1"]

1. d4 d5 2. c4 c5 3. dxc5 e6 4. cxd5 exd5 5. Nf3 Bxc5 6. Nc3 Nf6 7. e3 Nc6 8. Bb5 0-0 9. 0-0 d4 10. Na4 Qd6 11. Nxc5 Qxc5 12. Bxc6 Qxc6 13. Nxd4 Qe4 14. b3 Qg6 15. Bb2 Ne4 16. Rc1 Bh3 17. Qf3 Bg4 18. Qf4 Bh3 19. Qf3 Bg4 20. Qf4 Bh3 21. g3 Bxf1 22. Nf5 Qg5 23. Qxe4 Bh3 24. Nxg7 Rad8 25. f3 Rd2 26. Ba1 Rg2+ 27. Kh1 Rd8 28. g4 Qd5 29. Qxd5 Rxd5 30. Rc8+ Rd8 31. Rxd8# 1-0

[Event "BEL-ch U16"]
[Site "Houffalize"]
[Date "2009.04.16"]
[Round "6"]
[White "Van Parys, Nikita"]
[Black "Deschepper, Annelore"]
[Result "1/2-1/2"]
[WhiteElo "1262"]
[BlackElo "1694"]
[PlyCount "40"]
[EventDate "2009.04.13"]
[EventType "swiss"]
[EventRounds "9"]
[EventCountry "BEL"]
[SourceTitle "EXT 2012"]
[Source "ChessBase"]
[SourceDate "2011.11.24"]
[SourceVersion "1"]
[SourceVersionDate "2011.11.24"]
[SourceQuality "1"]

1. e4 e6 2. Nf3 d5 3. e5 c5 4. Nc3 Nc6 5. Bb5 Nge7 6. d3 a6 7. Bxc6+ Nxc6 8. 0-0 Be7 9. Bf4 0-0 10. Re1 d4 11. Ne2 b6 12. Ng3 Bb7 13. Qd2 Nb4 14. Ng5 Nxc2 15. Qxc2 Bxg5 16. Qd2 Be7 17. Nh5 Re8 18. Bh6 Bf8 19. Bg5 Be7 20. Bh6 Bf8 1/2-1/2

[Event "BEL-ch U16"]
[Site "Houffalize"]
[Date "2009.04.14"]
[Round "2"]
[White "Van Parys, Nikita"]
[Black "Goebbels, Benoit"]
[Result "1-0"]
[WhiteElo "1262"]
[BlackElo "1372"]
[PlyCount "157"]
[EventDate "2009.04.13"]
[EventType "swiss"]
[EventRounds "9"]
[EventCountry "BEL"]
[SourceTitle "EXT 2012"]
[Source "ChessBase"]
[SourceDate "2011.11.24"]
[SourceVersion "1"]
[SourceVersionDate "2011.11.24"]
[SourceQuality "1"]

1. e4 c5 2. Nf3 Nc6 3. d4 cxd4 4. Nxd4 Nf6 5. Nc3 g6 6. h3 Bg7 7. Be3 0-0 8. Bc4 e6 9. 0-0 d5 10. exd5 exd5 11. Bb3 Na5 12. Qf3 Nxb3 13. Nxb3 b6 14. Rad1 Bb7 15. Nd4 Qd7 16. Rfe1 Rfd8 17. Bg5 Ne4 18. Bxd8 Rxd8 19. Qe3 Nxc3 20. Qxc3 Rc8 21. Qb3 Ba6 22. c3 Bc4 23. Qc2 Qd6 24. b3 Ba6 25. Qd2 Be5 26. Qe3 Bf4 27. Qe7 Bh2+ 28. Kh1 Qxe7 29. Rxe7 Bb8 30. Nf3 Kg7 31. Rxd5 Rxc3 32. Rdd7 Rc1+ 33. Ng1 Bf1 34. Rxf7+ Kh6 35. Rxh7+ Kg5 36. Nf3+ Kf6 37. Rhf7+ Ke6 38. Rfe7+ Kf6 39. Ng1 Bb5 40. Rf7+ Ke6 41. Rde7+ Kd5 42. g3 Bc6 43. Kh2 Rc2 44. a4 Kd6 45. Re3 Bd5 46. Rf6+ Kc5 47. Ne2 Ra2 48. Rc3+ Kb4 49. Rd3 Bb7 50. Rf7 Bc6 51. Nd4 Be4 52. Rd1 g5 53. Kg1 a6 54. Rf6 Ka3 55. Rxb6 Ba7 56. Rd6 Bc5 57. Rd7 Bb6 58. Kf1 a5 59. Ne2 Bf3 60. R1d2 Rxd2 61. Rxd2 Bc5 62. Rd3 Be4 63. Rc3 Bb6 64. Rc4 Bd3 65. Rd4 Ba6 66. f4 gxf4 67. gxf4 Kxb3 68. Kf2 Bc5 69. Kf3 Bxd4 70. Nxd4+ Kxa4 71. f5 Kb4 72. f6 Bc4 73. h4 Bf7 74. Kf4 a4 75. Kg5 a3 76. Nc2+ Kb3 77. Nxa3 Kxa3 78. Kh6 Kb4 79. Kg7 1-0